000 00560cam a2200145 4500500
005 20260208005306.0
041 _afre
042 _adc
100 1 0 _aRoth, François
_eauthor
245 0 0 _aMarie-Bénédicte Vincent, Serviteurs de l’État : les élites administratives en Prusse de 1871 à 1933, Paris, Belin, 2006, 367 p.
260 _c2008.
500 _a10
786 0 _nRevue historique | 645 | 1 | 2008-05-21 | p. 99zzc-227zzc | 0035-3264
856 4 1 _uhttps://shs.cairn.info/revue-historique-2008-1-page-99zzc?lang=fr&redirect-ssocas=7080
999 _c1651450
_d1651450